<?xml version="1.0" encoding="UTF-8"?><?xml-stylesheet type="text/xsl" href="static/style.xsl"?><OAI-PMH xmlns="http://www.openarchives.org/OAI/2.0/" xmlns:xsi="http://www.w3.org/2001/XMLSchema-instance" xsi:schemaLocation="http://www.openarchives.org/OAI/2.0/ http://www.openarchives.org/OAI/2.0/OAI-PMH.xsd"><responseDate>2026-04-17T19:12:39Z</responseDate><request verb="GetRecord" identifier="oai:www.recercat.cat:10230/32554" metadataPrefix="marc">https://recercat.cat/oai/request</request><GetRecord><record><header><identifier>oai:recercat.cat:10230/32554</identifier><datestamp>2025-12-21T18:08:59Z</datestamp><setSpec>com_2072_6</setSpec><setSpec>col_2072_452952</setSpec></header><metadata><record xmlns="http://www.loc.gov/MARC21/slim" xmlns:dcterms="http://purl.org/dc/terms/" xmlns:xsi="http://www.w3.org/2001/XMLSchema-instance" xmlns:doc="http://www.lyncode.com/xoai" xsi:schemaLocation="http://www.loc.gov/MARC21/slim http://www.loc.gov/standards/marcxml/schema/MARC21slim.xsd">
   <leader>00925njm 22002777a 4500</leader>
   <datafield ind2=" " ind1=" " tag="042">
      <subfield code="a">dc</subfield>
   </datafield>
   <datafield ind2=" " ind1=" " tag="720">
      <subfield code="a">Mateus, Julio César</subfield>
      <subfield code="e">author</subfield>
   </datafield>
   <datafield ind2=" " ind1=" " tag="720">
      <subfield code="a">Aran Ramspott, Sue</subfield>
      <subfield code="e">author</subfield>
   </datafield>
   <datafield ind2=" " ind1=" " tag="720">
      <subfield code="a">Masanet, Maria-Jose</subfield>
      <subfield code="e">author</subfield>
   </datafield>
   <datafield ind2=" " ind1=" " tag="260">
      <subfield code="c">2017-07-18T15:33:55Z</subfield>
   </datafield>
   <datafield ind2=" " ind1=" " tag="260">
      <subfield code="c">2017-07-18T15:33:55Z</subfield>
   </datafield>
   <datafield ind2=" " ind1=" " tag="260">
      <subfield code="c">2017</subfield>
   </datafield>
   <datafield ind2=" " ind1=" " tag="520">
      <subfield code="a">Este artículo presenta un análisis sistematizado de la producción científica entre los años&#xd;
2012 y 2016 sobre el uso y aplicación de dispositivos móviles en el ámbito universitario español.&#xd;
El objetivo es analizar el interés académico por el Aprendizaje Móvil y las características de&#xd;
esta producción. Para ello se seleccionaron 50 artículos de revistas y comunicaciones de actas&#xd;
de congresos internacionales indexados en las bases de datos Web of Science, Scopus y Google&#xd;
Scholar y posteriormente se analizaron en torno a cuatro categorías: información sobre los&#xd;
autores, información bibliográfica de las publicaciones, información sobre las poblaciones&#xd;
estudiadas; e información científico-metodológica. Los resultados indican que se trata de&#xd;
un tema de desarrollo incipiente, dado el limitado número de artículos y comunicaciones&#xd;
halladas, pero esta producción evidencia la importancia de los grupos de investigación y&#xd;
los proyectos financiados, que permiten definir una trayectoria de investigación en varios&#xd;
autores. Asimismo, algunas comunidades autónomas españolas están subrepresentadas,&#xd;
así como algunas disciplinas abordadas en los estudios. En lo que respecta a la metodología,&#xd;
aparece como predominante la cuantitativa y como técnica de investigación más frecuente el&#xd;
cuestionario, aunque también se reconoce un número creciente de diseños experimentales.&#xd;
Las evidencias encontradas proponen un amplio campo para la investigación sobre el potencial&#xd;
pedagógico de los dispositivos móviles en la educación superior y permiten proponer una&#xd;
agenda para futuros estudios.</subfield>
   </datafield>
   <datafield ind2=" " ind1=" " tag="520">
      <subfield code="a">This article presents a systematized review of scientific production between the years&#xd;
2012 and 2016 of the use and application of mobile devices in Spanish universities. The&#xd;
objective is to interpret academic interest in Mobile Learning and the attributes of this&#xd;
production. In order to do this, 50 articles from journals and minutes from international&#xd;
congresses indexed in the databases of Web of Science, Scopus and Google Scholar were&#xd;
selected and subsequently analyzed within four categories: information about the authors,&#xd;
the publications’ bibliographic information, information about the populations studied and&#xd;
scientific-methodological information. The results indicate that this is an emerging topic&#xd;
of development, given the limited number of articles and communications found, yet this&#xd;
output demonstrates the importance of the research groups and projects funded, which have&#xd;
defined a research trajectory in several authors. Likewise, some Spanish autonomous regions&#xd;
and certain disciplines addressed in the studies are underrepresented. The predominant&#xd;
methodology is quantitative and the most frequent research technique is the questionnaire,&#xd;
although there is also a growing number of experimental designs. The evidence found suggests&#xd;
a broad field for research into the pedagogical potential of mobile devices in higher education&#xd;
and puts forward an agenda for future studies.</subfield>
   </datafield>
   <datafield ind2=" " ind1=" " tag="520">
      <subfield code="a">Este estudio forma parte del proyecto I+D+i “Competencias mediáticas de la ciudadanía en medios digitales emergentes en entornos universitarios”. EDU2015-64015-C3-2-R, financiado por el Ministerio de Economía y Competitividad de España.</subfield>
   </datafield>
   <datafield tag="653" ind2=" " ind1=" ">
      <subfield code="a">Tecnología de la educación</subfield>
   </datafield>
   <datafield tag="653" ind2=" " ind1=" ">
      <subfield code="a">Universidad</subfield>
   </datafield>
   <datafield tag="653" ind2=" " ind1=" ">
      <subfield code="a">Enseñanza y formación</subfield>
   </datafield>
   <datafield tag="653" ind2=" " ind1=" ">
      <subfield code="a">Aprendizaje móvil</subfield>
   </datafield>
   <datafield tag="653" ind2=" " ind1=" ">
      <subfield code="a">Dispositivos móviles</subfield>
   </datafield>
   <datafield tag="653" ind2=" " ind1=" ">
      <subfield code="a">Information and communication technologies</subfield>
   </datafield>
   <datafield tag="653" ind2=" " ind1=" ">
      <subfield code="a">Educational technology</subfield>
   </datafield>
   <datafield tag="653" ind2=" " ind1=" ">
      <subfield code="a">University</subfield>
   </datafield>
   <datafield tag="653" ind2=" " ind1=" ">
      <subfield code="a">Teaching and training</subfield>
   </datafield>
   <datafield tag="653" ind2=" " ind1=" ">
      <subfield code="a">Mobile learning</subfield>
   </datafield>
   <datafield tag="653" ind2=" " ind1=" ">
      <subfield code="a">Mobile devices</subfield>
   </datafield>
   <datafield ind2="0" ind1="0" tag="245">
      <subfield code="a">Análisis de la literatura sobre dispositivos móviles en la universidad española</subfield>
   </datafield>
   <datafield ind2="0" ind1="0" tag="245">
      <subfield code="a">Literature review on mobile devices in Spanish university</subfield>
   </datafield>
</record></metadata></record></GetRecord></OAI-PMH>